Moderná obec a mesto

Z obsahu prílohy: VI. snem Združenia miest a obcí Slovenska, Bratislava (16. a 17. apríla 1996). Zvýšený hlas argumentom silu nepridá. Stručný náčrt histórie. Zo stanov ZMOS. Princípy územného a správneho členenia podľa Združenia miest a obcí SR. Európska charta miestnej samosprávy.

Salvato in:
Dettagli Bibliografici
Autore principale: Sýkora, M.
Altri autori: Višváder, P.
Natura: Capitolo di libro
Lingua:slovacco
Soggetti:
Tags: Aggiungi Tag
Nessun Tag, puoi essere il primo ad aggiungerne!!

MARC

LEADER 00000naa a2200000 4500
001 r021235
005 20230801104639.0
041 0 |a slo 
044 |a SK 
245 1 0 |a Moderná obec a mesto  |c M. Sýkora, P. Višváder 
520 |a Z obsahu prílohy: VI. snem Združenia miest a obcí Slovenska, Bratislava (16. a 17. apríla 1996). Zvýšený hlas argumentom silu nepridá. Stručný náčrt histórie. Zo stanov ZMOS. Princípy územného a správneho členenia podľa Združenia miest a obcí SR. Európska charta miestnej samosprávy. 
610 2 0 |a Slovensko 
610 2 0 |a Európa 
610 2 0 |a charta 
610 2 0 |a 1996 
610 2 0 |a mestá 
610 2 0 |a obce 
610 2 0 |a správa miestna 
610 2 0 |a samospráva 
610 2 0 |a ZMOS 
100 1 |a Sýkora, M. 
700 1 |a Višváder, P.